000 00342nam a22001457a 4500
008 250306b |||||||| |||| 00| 0 eng d
020 _a9788131531693
050 _aHD 69
_bG53
100 _aJack Gido
245 _aSuccessful Project Management
250 _a6th
260 _aIndia
_bCengage Learning
_c2015
300 _a516p.
942 _cBK
999 _c2123
_d2123